Capitals Without the Letters of “Lima” - Statistics

General Stats
  • This quiz has been taken 13 times
  • The average score is 4 of 7
Answer Stats
Continents Capitals % Correct
South America Georgetown
80%
South America Sucre
70%
Europe Bern
60%
Asia Tokyo
60%
Africa Freetown
30%
Africa Porto-Novo
30%
Europe Skopje
30%
No matching quizzes found
Score Distribution
Percent of People with Each Score
Percentile by Number Answered
Your Score History
You have not taken this quiz